=LDR 00000nam 2200000 4500 =001 INLIS000000000013449 =005 20130612104836 =008 ***********************************Ind** =035 ##$$0010-061300000013449 =041 ##$$a Ind =082 ##$$a 608 =090 ##$$a 608, bre s =100 ##$$a Brewer, Dancan =245 ##$$a 100 Pengetahuan tentang penemuan, Duncan Brawer ;ahli bahasa, RachmanApsari =260 ##$$a 2004 $b Bandung =300 ##$$a 48 hlm, Ilus, 30 cm =650 ##$$a Penemuan =700 ##$$a Apsari, Rahhman =850 ##$$a NBPNMAT